Khauna mihir's mound / (Record no. 146190)
[ view plain ]
| 000 -LEADER | |
|---|---|
| fixed length control field | 00854nam a22002297a 4500 |
| 005 - DATE AND TIME OF LATEST TRANSACTION | |
| control field | 20180703144811.0 |
| 010 ## - LCCN (DPL NO) | |
| LC control number | 1718EN-30 ENG-121826 B-688275-283 |
| 020 ## - INTERNATIONAL STANDARD BOOK NUMBER | |
| Terms of availability | 160.00 |
| International Standard Book Number | 9788126047574 |
| 035 ## - SYSTEM CONTROL NUMBER | |
| System control number | EN-105358 |
| 035 ## - SYSTEM CONTROL NUMBER | |
| System control number | 688275-283 |
| 037 ## - SOURCE OF ACQUISITION | |
| Source of stock number/acquisition | Sahitya Akadmi |
| Stock number | dpl |
| 037 ## - SOURCE OF ACQUISITION | |
| Source of stock number/acquisition | DBAD/PUB |
| 082 ## - DEWEY DECIMAL CLASSIFICATION NUMBER | |
| Classification number | N |
| 100 ## - MAIN ENTRY--PERSONAL NAME | |
| Personal name | Basu, Bani |
| 245 ## - TITLE STATEMENT | |
| Title | Khauna mihir's mound / |
| Statement of responsibility, etc | by Bani Basu; translated by Arunava Sinha |
| 260 ## - PUBLICATION, DISTRIBUTION, ETC. (IMPRINT) | |
| Place of publication, distribution, etc | New Delhi |
| Name of publisher, distributor, etc | Sahitya Academi |
| Date of publication, distribution, etc | 2017 |
| 270 ## - ADDRESS | |
| City | New Delhi |
| Address | rabindra bhawan, 35, firoz shah marg |
| Postal code | 110001 |
| 300 ## - PHYSICAL DESCRIPTION | |
| Extent | 227p. |
| Dimensions | 21cm(pbk) |
| 700 ## - ADDED ENTRY--PERSONAL NAME | |
| Personal name | Sinha, Arunava |
| 9 (RLIN) | 23015 |
| 942 ## - ADDED ENTRY ELEMENTS (KOHA) | |
| Source of classification or shelving scheme | Dewey Decimal Classification |
| Item type | English Books |
| Call number suffix | BAS |
| Classification part | N |
| Withdrawn status | Lost status | Not for loan | Collection code | Home library | Current library | Date acquired | Source of acquisition | Cost, normal purchase price | Full call number | Barcode | Copy number | Cost, replacement price | Koha item type |
|---|---|---|---|---|---|---|---|---|---|---|---|---|---|
| Non-fiction | Ashok Vihar | Ashok Vihar | 03/07/2018 | Noth India NIP/287/17-18/28.11.2017/665/20.11.2017/13.01.2018 | 160.00 | N BAS | B-688279 | 1 | 160.00 | English Books | |||
| Not For Loan | Fiction | D.B.Act.Division | Bawana | 09/12/2017 | DBAD/PUB | 160.00 | N BAS | EN-105358 | 1 | 160.00 | English Books | ||
| Non-fiction | Bawana | Bawana | 03/07/2018 | Noth India NIP/287/17-18/28.11.2017/665/20.11.2017/13.01.2018 | 160.00 | N BAS | B-688283 | 1 | 160.00 | English Books | |||
| Non-fiction | Central Library | Central Library | 03/07/2018 | Noth India NIP/287/17-18/28.11.2017/665/20.11.2017/13.01.2018 | 160.00 | N BAS | B-688275 | 1 | 160.00 | English Books | |||
| Non-fiction | Janak Puri | Janak Puri | 03/07/2018 | Noth India NIP/287/17-18/28.11.2017/665/20.11.2017/13.01.2018 | 160.00 | N BAS | B-688281 | 1 | 160.00 | English Books | |||
| Non-fiction | Mobile Library | Mobile Library | 03/07/2018 | Noth India NIP/287/17-18/28.11.2017/665/20.11.2017/13.01.2018 | 160.00 | N BAS | B-688276 | 1 | 160.00 | English Books | |||
| Non-fiction | Mobile Library | Mobile Library | 03/07/2018 | Noth India NIP/287/17-18/28.11.2017/665/20.11.2017/13.01.2018 | 160.00 | N BAS | B-688277 | 1 | 160.00 | English Books | |||
| Non-fiction | New Police Line | New Police Line | 03/07/2018 | Noth India NIP/287/17-18/28.11.2017/665/20.11.2017/13.01.2018 | 160.00 | N BAS | B-688278 | 1 | 160.00 | English Books | |||
| Non-fiction | Patel Nagar | Patel Nagar | 03/07/2018 | Noth India NIP/287/17-18/28.11.2017/665/20.11.2017/13.01.2018 | 160.00 | N BAS | B-688280 | 1 | 160.00 | English Books | |||
| Non-fiction | Sarojini Nagar | Sarojini Nagar | 03/07/2018 | Noth India NIP/287/17-18/28.11.2017/665/20.11.2017/13.01.2018 | 160.00 | N BAS | B-688282 | 1 | 160.00 | English Books |
